000 00687nam a2200229 a 4500
001 73391
003 BD-RjUL
005 20211209082405.0
008 170530s1970 nyua b 001 0 eng
035 _a(BD-RjUL)73609
040 _aDLC
_cDLC
_dBD-RjUL
_beng
041 _aeng
082 0 0 _a621.3848
_223
_bRAD 1970
245 0 0 _aRadar handbook. /
_cEditor-in-chief: Merrill I. Skolnik.
260 _aNew York :
_bMcGraw-Hill,
_c1970.
300 _ax, (various pagings) :
_bill. ;
_c24 cm.
504 _aIncludes index and bibliographies.
650 0 _aRadar
_xHandbooks, manuals, etc.
_9217092
700 _aSkolnik, Merrill Ivan,
_9217093
942 _2ddc
_cBK
999 _c73391
_d73391